Loading...

Artifical insemination of farm animals

Bibliographic Details
Main Author: Perry, Enos J
Format: Printed Book
Language:Undetermined
English
Published: Calcutta Oxford & IBH publishing company 1969
Edition:4
Subjects:
LEADER 00577nam a2200169Ia 4500
008 140306s9999 xx 000 0 und d
041 |a eng 
082 |a 636.082 45  |b PER 
100 |a Perry, Enos J 
245 |a Artifical insemination of farm animals 
250 |a 4 
260 |a Calcutta  |b Oxford & IBH publishing company  |c 1969 
300 |a 463 
650 |a Farm animals-Artifical insemination 
942 |2 ddc  |c BK 
999 |c 51973  |d 51973 
952 |0 0  |1 0  |2 ddc  |4 0  |6 636_082000000000000_45_PER  |7 0  |9 68297  |a KAUACV  |b KAUACV  |d 2004-05-05  |o 636.082 45 PER  |p KAU_ACV-12188  |r 2014-03-22  |w 2014-03-22  |y BK